[Event "TUN-ch"]
[Site "Hammamet"]
[Date "2013.03.16"]
[Round "1"]
[White "Saadani, Tarak"]
[Black "Said, Oussama"]
[Result "1-0"]
[WhiteElo "2114"]
[BlackElo "1823"]
[PlyCount "129"]
[EventDate "2013.03.16"]
[EventType "swiss"]
[EventRounds "9"]
[EventCountry "TUN"]
[SourceTitle "CBM 153 Extra"]
[Source "ChessBase"]
[SourceDate "2013.04.22"]
[SourceVersion "1"]
[SourceVersionDate "2013.04.22"]
[SourceQuality "1"]

1. e4 c5 2. Nc3 Nc6 3. g3 Nf6 4. Bg2 g6 5. Nge2 Bg7 6. 0-0 0-0 7. d3 d6 8. h3 Bd7 9. Be3 a6 10. Qd2 Rb8 11. Bh6 b5 12. Bxg7 Kxg7 13. f4 Qc8 14. g4 b4 15. Nd1 a5 16. Ne3 a4 17. f5 Ne5 18. Nf4 Qd8 19. g5 Ne8 20. Nfd5 f6 21. h4 e6 22. fxe6 Bxe6 23. Rf2 Rb7 24. Raf1 Rbf7 25. gxf6+ Nxf6 26. Nf4 Bd7 27. Bh3 Neg4 28. Bxg4 Nxg4 29. Nxg4 Bxg4 30. Ng2 Rxf2 31. Rxf2 Rxf2 32. Qxf2 Qf6 33. Ne3 Qxf2+ 34. Kxf2 Be6 35. a3 Kf6 36. c3 b3 37. d4 cxd4 38. cxd4 h6 39. d5 Bd7 40. Nc4 Ke7 41. Kg3 Bb5 42. Ne3 Bd7 43. Kf3 Kf7 44. Nc4 Ke7 45. Kf4 Bb5 46. Ne3 Bd3 47. Ng4 g5+ 48. hxg5 hxg5+ 49. Kf5 Kd7 50. Kxg5 Kc7 51. Kf4 Kb6 52. Ke3 Bf1 53. Kd4 Kc7 54. Ne3 Be2 55. Nf5 Bb5 56. Kc3 Be8 57. Kb4 Bd7 58. Nd4 Kb6 59. Ne2 Be8 60. Nc3 Bd7 61. Nxa4+ Bxa4 62. Kxa4 Kc5 63. Kxb3 Kd4 64. Kb4 Kxe4 65. Kc4 1-0